| 000 | 01582nam a2200313 a 4500 | ||
|---|---|---|---|
| 001 | BRCA_2663 | ||
| 005 | 20190320203919.0 | ||
| 008 | 021208s1883----u--#---###---#000-0dspa-u | ||
| 041 | _aspa | ||
| 044 | _asp | ||
| 084 |
_a200 _b.A67 _c1883 |
||
| 100 | 1 |
_aCervantes Saavedra, Miguel de _d1547-1616 _9213 |
|
| 245 | 1 | 0 |
_aEl Ingenioso Hidalgo Don Quijote de la Mancha _cMiguel de Cervantes Saavedra. |
| 260 |
_aNueva York _bAppleton _c1883 |
||
| 300 |
_a695 p. _c19 cm. |
||
| 500 | _aContenido : Advertencia del editor. Vida y análisis de las obras de Cervantes por J. Ticknor. Prólogo del autor. Versos preliminares. Texto | ||
| 500 | _aEdición : Según el texto corregido y anotado por el Sr. Ochoa. Nueva edición americana, acompañada de un ensayo historico sobre la vida y escritos de Cervantes por Jorge Ticknor autor de la ´Historia de la literatura española´ | ||
| 500 | _aLinda edición norteamericana con un interesante ensayo del notable hispanista J. Ticknor sobre la vida y obra del autor. Tela; lomo y tapa con figuras y motivos quijotescos dorados Lúdovik Osterc | ||
| 500 | _aQM191 | ||
| 650 | 1 | 4 |
_aNovela española _yÉpoca clásica, 1500-1700 _9215 |
| 650 | 1 | 4 |
_aLiteratura española _yÉpoca clásica, 1500-1700 _9216 |
| 650 | 1 | 4 |
_aNovela española _ySiglo XVII _9217 |
| 650 | 1 | 4 |
_aDon Quijote (Personaje ficticio) _eNovela _9218 |
| 700 | 1 |
_aTicknor, George _d1791-1871 _eBiógrafo _97564 |
|
| 700 | 1 |
_aOchoa y Montel, Eugenio _d1815-1872 _eAnotador _97565 |
|
| 740 | 0 | _aEl Ingenioso Hidalgo Don Quijote de la Mancha | |
| 902 | _aQFM | ||
| 942 |
_2lcc _cB |
||
| 999 |
_c2403 _d2403 |
||